[Event "Toronto-ch Reserves"]
[Site "Toronto CAN"]
[Date "2000.02.28"]
[Round "7"]
[White "Bryskine, Marina"]
[Black "Mitrovic, Bojana"]
[Result "1/2-1/2"]
[WhiteElo "2036"]
[BlackElo "1992"]
[PlyCount "59"]
[GameId "2160767911741408"]
[EventDate "2000.02.09"]
[EventType "tourn"]
[EventRounds "11"]
[EventCountry "CAN"]

1. e4 g6 2. Nf3 Bg7 3. d4 d6 4. Be2 Nf6 5. Nc3 O-O 6. O-O c6 7. a4 Nbd7 8. h3 e5 9. dxe5 dxe5 10. Be3 Qe7 11. Qc1 Nc5 12. Nd2 Ne6 13. Nb3 Rd8 14. Rd1 Nd4 15. Nxd4 exd4 16. Bxd4 Nxe4 17. Bxg7 Rxd1+ 18. Qxd1 Kxg7 19. Qd4+ Nf6 20. Bd3 c5 21. Qf4 b6 22. a5 Bb7 23. axb6 axb6 24. Rxa8 Bxa8 25. Qb8 Qe1+ 26. Kh2 Bd5 27. Nxd5 Nxd5 28. Bc4 Qe4 29. Bxd5 Qxd5 30. c3 1/2-1/2

[Event "Toronto-ch Reserves"]
[Site "Toronto CAN"]
[Date "2000.02.28"]
[Round "7"]
[White "Dutton, Warren"]
[Black "De Castro, Dan"]
[Result "1/2-1/2"]
[WhiteElo "1994"]
[BlackElo "1867"]
[PlyCount "26"]
[GameId "2160767911741409"]
[EventDate "2000.02.09"]
[EventType "tourn"]
[EventRounds "11"]
[EventCountry "CAN"]

1. d4 Nf6 2. c4 e5 3. d5 d6 4. Nc3 g6 5. g3 Bg7 6. Bg2 O-O 7. Nf3 Nbd7 8. O-O a5 9. h3 Nh5 10. Kh2 f5 11. Ng5 Nc5 12. f4 e4 13. h4 Bxc3 1/2-1/2

[Event "Toronto-ch Reserves"]
[Site "Toronto CAN"]
[Date "2000.02.28"]
[Round "7"]
[White "Gebhardt, David"]
[Black "Richardson, Ross"]
[Result "1/2-1/2"]
[WhiteElo "1923"]
[BlackElo "1872"]
[PlyCount "98"]
[GameId "2160767911741410"]
[EventDate "2000.02.09"]
[EventType "tourn"]
[EventRounds "11"]
[EventCountry "CAN"]

1. e4 c5 2. Nf3 Nc6 3. d4 cxd4 4. Nxd4 e6 5. Nc3 a6 6. Nxc6 bxc6 7. Bd3 d5 8. O-O Nf6 9. Re1 Be7 10. e5 Nd7 11. Qg4 g6 12. Bh6 Qc7 13. Qg3 Bb7 14. Na4 c5 15. c4 d4 16. b3 Bf8 17. Bxf8 Nxf8 18. h4 Nd7 19. f4 a5 20. Re2 Bc6 21. Nb2 Nb6 22. a4 Nc8 23. Bc2 Ne7 24. Qg5 h6 25. Qf6 Rh7 26. h5 Ng8 27. Qh4 Rg7 28. hxg6 fxg6 29. Nd3 Bb7 30. Nf2 Qe7 31. Qxe7+ Kxe7 32. Be4 Rb8 33. Rb1 Kd7 34. Rbb2 Ne7 35. Bxb7 Rxb7 36. Ne4 Kc6 37. Kf2 Nf5 38. Red2 Rg8 39. Kf3 Rgb8 40. Rd3 Rb4 41. Nd2 Rxa4 42. bxa4 Rxb2 43. Nb3 Kb6 44. g4 Ne3 45. Nd2 Nc2 46. Rb3+ Rxb3+ 47. Nxb3 Ne3 48. Nd2 Kc6 49. Kg3 Kc7 1/2-1/2

[Event "Toronto-ch Reserves"]
[Site "Toronto CAN"]
[Date "2000.02.28"]
[Round "7"]
[White "Haziprodromu, Sam"]
[Black "Cohen, David"]
[Result "1-0"]
[WhiteElo "2040"]
[BlackElo "2017"]
[PlyCount "77"]
[GameId "2160767911741411"]
[EventDate "2000.02.09"]
[EventType "tourn"]
[EventRounds "11"]
[EventCountry "CAN"]

1. e4 e5 2. Nf3 Nc6 3. Bb5 a6 4. Ba4 Nf6 5. O-O b5 6. Bb3 Be7 7. Re1 O-O 8. a4 Rb8 9. c3 d5 10. exd5 Nxd5 11. Nxe5 Nxe5 12. Rxe5 c6 13. d4 Bd6 14. Re1 Qh4 15. g3 Qh3 16. Be3 Bg4 17. Qd3 bxa4 18. Bxa4 Rxb2 19. Bxc6 Re2 20. Nd2 Bxg3 21. hxg3 Nxe3 22. Rxe2 Bxe2 23. Qxe2 Re8 24. Nf1 Re6 25. Nxe3 Rxc6 26. Rxa6 Rc8 27. Qd3 g6 28. c4 h5 29. Qf1 Qd7 30. Nd5 Qb7 31. Rb6 Qa7 32. c5 Rd8 33. Qa6 Qxa6 34. Rxa6 Kf8 35. c6 Ke8 36. Ra5 Rc8 37. Rc5 Kd8 38. c7+ Kd7 39. Nb6+ 1-0

[Event "Toronto-ch Reserves"]
[Site "Toronto CAN"]
[Date "2000.03.01"]
[Round "8"]
[White "Benson, Christopher"]
[Black "Bergeron, Florian"]
[Result "0-1"]
[WhiteElo "1949"]
[BlackElo "2024"]
[PlyCount "74"]
[GameId "2160767911741412"]
[EventDate "2000.02.09"]
[EventType "tourn"]
[EventRounds "11"]
[EventCountry "CAN"]

1. e4 Nf6 2. e5 Nd5 3. d4 d6 4. Nf3 Bg4 5. Be2 e6 6. O-O Be7 7. c4 Nb6 8. exd6 cxd6 9. Nc3 O-O 10. Be3 d5 11. c5 Bxf3 12. gxf3 Nc8 13. f4 Nc6 14. Kh1 Bf6 15. Rg1 N8e7 16. Bg4 g6 17. Ne2 Bg7 18. Ng3 b6 19. Rc1 bxc5 20. Rxc5 Rb8 21. Qd2 Rb6 22. Rb1 Qb8 23. Bd1 Qb7 24. a3 Rb8 25. b4 Qa8 26. b5 a6 27. a4 Bf8 28. Qd3 Na5 29. Nf1 Nc4 30. Nd2 Nf5 31. Nxc4 dxc4+ 32. d5 cxd3 33. Rc6 Nxe3 34. fxe3 axb5 35. Bf3 exd5 36. Bxd5 Rxc6 37. axb5 Rc1+ 0-1

[Event "Toronto-ch Reserves"]
[Site "Toronto CAN"]
[Date "2000.03.01"]
[Round "8"]
[White "Cohen, David"]
[Black "Vucko, Ignac"]
[Result "1-0"]
[WhiteElo "2017"]
[BlackElo "2040"]
[PlyCount "125"]
[GameId "2160767911741413"]
[EventDate "2000.02.09"]
[EventType "tourn"]
[EventRounds "11"]
[EventCountry "CAN"]

1. e4 e5 2. Nf3 Nc6 3. Bb5 Nf6 4. O-O d6 5. Re1 Bg4 6. c3 Be7 7. d4 exd4 8. cxd4 O-O 9. Bxc6 bxc6 10. Nc3 Rb8 11. Kh1 Qc8 12. e5 Nd5 13. Nxd5 cxd5 14. Qc2 Rb6 15. Bf4 Qd7 16. Rac1 Rc8 17. exd6 Bf6 18. Ne5 Bxe5 19. dxe5 c5 20. Re3 Bf5 21. Qd2 d4 22. Ra3 h6 23. f3 Rb5 24. g4 Be6 25. h4 Qb7 26. Rb1 Bxg4 27. Qg2 Bf5 28. Bxh6 g6 29. Qg5 Kh7 30. Rd1 Rxb2 31. Rd2 Rxd2 32. Qxd2 d3 33. Kg2 Rb8 34. Rb3 Qc8 35. Rc3 c4 36. Be3 a6 37. Qc1 Be6 38. Bd4 Qd8 39. Kg3 Rb5 40. Ra3 Qc8 41. Bc3 Qb7 42. Qf4 Rb1 43. Bd2 Rh1 44. d7 Rh3+ 45. Kg2 Qxd7 46. Rxa6 Bd5 47. Qh6+ Kg8 48. Rxg6+ fxg6 49. Qxg6+ Qg7 50. Qxg7+ Kxg7 51. Kxh3 Bxf3 52. Kg3 Bd1 53. Kf4 Kg6 54. Ke4 Bg4 55. Kd5 Kf7 56. Kd6 Bf5 57. a4 Bc8 58. h5 Bg4 59. h6 Bf5 60. a5 Bc8 61. Kc7 Bf5 62. a6 Ke6 63. a7 1-0

[Event "Toronto-ch Reserves"]
[Site "Toronto CAN"]
[Date "2000.03.01"]
[Round "8"]
[White "De Castro, Dan"]
[Black "Haziprodromu, Sam"]
[Result "1-0"]
[WhiteElo "1867"]
[BlackElo "2040"]
[PlyCount "87"]
[GameId "2160767911741414"]
[EventDate "2000.02.09"]
[EventType "tourn"]
[EventRounds "11"]
[EventCountry "CAN"]

1. d4 Nf6 2. Nf3 g6 3. Bg5 Bg7 4. Nbd2 d6 5. e4 O-O 6. Bc4 Nbd7 7. Qe2 e5 8. c3 Qe8 9. O-O a5 10. Rad1 a4 11. a3 h6 12. dxe5 dxe5 13. Bh4 Nh5 14. Ne1 Nb6 15. Nd3 Be6 16. Bxe6 Qxe6 17. f3 g5 18. Bf2 Nf4 19. Nxf4 gxf4 20. c4 Nc8 21. Nb1 Ne7 22. Nc3 Nc6 23. Nd5 Rfc8 24. Rd2 Kh8 25. Rfd1 Ra6 26. Nb4 Raa8 27. Nxc6 Qxc6 28. Rd7 Qe6 29. R1d5 Bf6 30. Qd3 Rg8 31. Rxc7 Qh3 32. Qf1 Qxf3 33. Rdd7 Qxe4 34. Rxf7 Bg7 35. Rxb7 Rab8 36. Rxb8 Rxb8 37. Qc1 Qd3 38. c5 e4 39. c6 e3 40. Be1 Rxb2 41. c7 Rxg2+ 42. Kxg2 Qe2+ 43. Kg1 Qg4+ 44. Bg3 1-0

[Event "Toronto-ch Reserves"]
[Site "Toronto CAN"]
[Date "2000.03.01"]
[Round "8"]
[White "Mitrovic, Bojana"]
[Black "Dutton, Warren"]
[Result "1-0"]
[WhiteElo "1992"]
[BlackElo "1994"]
[PlyCount "125"]
[GameId "2160767911741415"]
[EventDate "2000.02.09"]
[EventType "tourn"]
[EventRounds "11"]
[EventCountry "CAN"]

1. g3 g6 2. Bg2 Bg7 3. d4 c5 4. Nf3 Nc6 5. d5 Nb8 6. O-O d6 7. c4 Nf6 8. Nc3 a6 9. a4 O-O 10. e4 Nbd7 11. Bf4 Ng4 12. Nd2 h5 13. Qe2 Qb6 14. Nf3 Nde5 15. a5 Qb3 16. Nxe5 Nxe5 17. Bxe5 Bxe5 18. Ra3 Qb4 19. Ra4 Qb3 20. Ra3 Qb4 21. Rfa1 Bd7 22. Bf1 Rfb8 23. Qc2 b5 24. Rb3 bxc4 25. Rxb4 Rxb4 26. Nd1 Bb5 27. Ra2 Rb8 28. Ne3 Bd4 29. Bxc4 Bd7 30. Nd1 Bg4 31. Bxa6 c4 32. Nc3 Bf3 33. Na4 h4 34. Bxc4 hxg3 35. hxg3 Ba7 36. b3 f6 37. Qd3 Bg4 38. Nc3 Kg7 39. Nb5 Bc5 40. a6 Bd7 41. a7 Ra8 42. Nc7 Rxa7 43. Rxa7 Bxa7 44. Na6 Rb6 45. Qc3 Rb7 46. b4 Bb6 47. b5 Ra7 48. Nb8 Be8 49. Nc6 Rc7 50. Qa3 Bc5 51. Qa6 Bxc6 52. dxc6 f5 53. Bd5 e6 54. b6 Re7 55. c7 exd5 56. c8=Q Rxe4 57. b7 Re1+ 58. Kg2 Rb1 59. b8=Q Rxb8 60. Qxb8 d4 61. Qab7+ Kf6 62. Qf8+ Kg5 63. Qbe7+ 1-0

[Event "Toronto-ch Reserves"]
[Site "Toronto CAN"]
[Date "2000.03.01"]
[Round "8"]
[White "Richardson, Ross"]
[Black "Bryskine, Marina"]
[Result "1-0"]
[WhiteElo "1872"]
[BlackElo "2036"]
[PlyCount "73"]
[GameId "2160767911741416"]
[EventDate "2000.02.09"]
[EventType "tourn"]
[EventRounds "11"]
[EventCountry "CAN"]

1. d4 d5 2. e4 dxe4 3. Nc3 Nf6 4. f3 exf3 5. Nxf3 Bf5 6. Bc4 e6 7. Ne5 Nbd7 8. Qf3 Nxe5 9. dxe5 Nd7 10. Bf4 Bxc2 11. Rc1 Bf5 12. Qxb7 Rb8 13. Qc6 Rb6 14. Qa4 Rb4 15. Qc6 Rb6 16. Qa4 c6 17. Qd1 Rxb2 18. O-O Bc5+ 19. Kh1 Qh4 20. Qf3 g5 21. Na4 Rf2 22. Qxc6 O-O 23. Bg3 Rxf1+ 24. Bxf1 Nb8 25. Qb5 Qd4 26. Nxc5 h5 27. Nb3 Qd8 28. Bf2 a6 29. Qe2 Bg4 30. Qc2 h4 31. Bc5 Re8 32. Qd2 Nd7 33. Bd6 Qa8 34. Qxg5+ Kh8 35. Qxh4+ Kg8 36. Qxg4+ Kh8 37. Rc3 1-0

[Event "Toronto-ch Reserves"]
[Site "Toronto CAN"]
[Date "2000.03.01"]
[Round "8"]
[White "Stoltefuss, Rolf"]
[Black "Gebhardt, David"]
[Result "1/2-1/2"]
[WhiteElo "1936"]
[BlackElo "1923"]
[PlyCount "35"]
[GameId "2160767911741417"]
[EventDate "2000.02.09"]
[EventType "tourn"]
[EventRounds "11"]
[EventCountry "CAN"]

1. e4 e5 2. f4 exf4 3. Nf3 Be7 4. Nc3 Bh4+ 5. Ke2 Bf6 6. d4 g5 7. e5 Bg7 8. h4 h6 9. hxg5 hxg5 10. Rxh8 Bxh8 11. Qd3 Kf8 12. Qh7 Bg7 13. Qh5 f6 14. Nd5 d6 15. exf6 Nxf6 16. Qxg5 Qe8+ 17. Kd1 Nxd5 18. Qxd5 1/2-1/2

[Event "Toronto-ch Reserves"]
[Site "Toronto CAN"]
[Date "2000.02.26"]
[Round "9"]
[White "Gebhardt, David"]
[Black "Benson, Christopher"]
[Result "1-0"]
[WhiteElo "1923"]
[BlackElo "1949"]
[PlyCount "58"]
[GameId "2160767911741418"]
[EventDate "2000.02.09"]
[EventType "tourn"]
[EventRounds "11"]
[EventCountry "CAN"]

1. e4 e6 2. d4 d5 3. Nc3 Nf6 4. e5 Nfd7 5. f4 c5 6. Nf3 Nc6 7. Be3 cxd4 8. Nxd4 Bc5 9. Qd2 Nxd4 10. Bxd4 Bxd4 11. Qxd4 Qb6 12. Qxb6 Nxb6 13. Nb5 Ke7 14. Nd6 g5 15. g3 Rg8 16. O-O-O f6 17. Bd3 gxf4 18. gxf4 fxe5 19. fxe5 Rg5 20. Rde1 Nd7 21. Rhf1 Nxe5 22. Nf5+ exf5 23. Rxe5+ Kf6 24. Re8 b6 25. Bxf5 Bb7 26. Bxh7+ Kg7 27. Re7+ Kh6 28. Rxb7 Rh8 29. Bd3 Rg2 1-0

[Event "Toronto-ch Reserves"]
[Site "Toronto CAN"]
[Date "2000.02.27"]
[Round "9"]
[White "Bryskine, Marina"]
[Black "Stoltefuss, Rolf"]
[Result "0-1"]
[WhiteElo "2036"]
[BlackElo "1936"]
[PlyCount "96"]
[GameId "2160767911741419"]
[EventDate "2000.02.09"]
[EventType "tourn"]
[EventRounds "11"]
[EventCountry "CAN"]

1. e4 e5 2. Nf3 f5 3. Bc4 Nc6 4. d3 Nf6 5. Ng5 d5 6. exd5 Nxd5 7. Qf3 Nce7 8. Nc3 c6 9. O-O h6 10. Nh3 Qd6 11. Re1 g6 12. Qe2 Bg7 13. Bd2 Bd7 14. f4 Qc5+ 15. Kh1 exf4 16. Bxd5 cxd5 17. Nxf4 Kf7 18. Qf3 Rhe8 19. Nfxd5 Bc6 20. Qe3 Qxe3 21. Nxe3 Rad8 22. Nc4 Nd5 23. Rxe8 Kxe8 24. Re1+ Kf8 25. Nxd5 Bxd5 26. Bb4+ Kg8 27. b3 Bxc4 28. bxc4 Bf8 29. Bc3 Kf7 30. Kg1 b5 31. Be5 bxc4 32. d4 Rd5 33. Rb1 Ra5 34. Rb7+ Ke6 35. Rb8 Be7 36. Rg8 Rxa2 37. Rxg6+ Kd5 38. Rxh6 Rxc2 39. Ra6 Bg5 40. h3 Be3+ 41. Kf1 Rf2+ 42. Ke1 c3 43. Bd6 c2 44. Ba3 Rxg2 45. Rd6+ Kc4 46. Kf1 Rf2+ 47. Ke1 Kd3 48. Rf6 Rf3 0-1

[Event "Toronto-ch Reserves"]
[Site "Toronto CAN"]
[Date "2000.03.03"]
[Round "9"]
[White "Bergeron, Florian"]
[Black "Cohen, David"]
[Result "1-0"]
[WhiteElo "2024"]
[BlackElo "2500"]
[PlyCount "137"]
[GameId "2160767911741420"]
[EventDate "2000.02.09"]
[EventType "tourn"]
[EventRounds "11"]
[EventCountry "CAN"]

1. d4 Nf6 2. c4 c5 3. Nf3 d6 4. Nc3 cxd4 5. Nxd4 Nc6 6. Bg5 Ng4 7. Nxc6 bxc6 8. h3 Ne5 9. e4 Qb6 10. Qd2 Ba6 11. b3 h6 12. Be3 Qb7 13. Be2 g6 14. O-O Bg7 15. Rad1 Nd7 16. f4 Rd8 17. Nb1 O-O 18. f5 Kh7 19. Rf4 g5 20. Rff1 Nf6 21. Nc3 Qc7 22. Bf3 e6 23. fxe6 fxe6 24. Ne2 d5 25. exd5 exd5 26. Nd4 Bc8 27. Qc2+ Kh8 28. cxd5 Nxd5 29. Bxd5 Rxf1+ 30. Rxf1 Rxd5 31. Nf3 Bf5 32. Qf2 c5 33. Rc1 Be4 34. Bxc5 Bxf3 35. gxf3 Qf4 36. Be3 Qf8 37. Kg2 Qd8 38. Qc2 a5 39. Qc8 Qxc8 40. Rxc8+ Kh7 41. Kf2 Kg6 42. Rc5 Rxc5 43. Bxc5 Kh5 44. b4 axb4 45. Bxb4 Bd4+ 46. Kg2 Kg6 47. a4 Kf5 48. Be1 Ke6 49. a5 Kd5 50. Bf2 Be5 51. a6 Kc6 52. a7 Kb7 53. Be3 Bf6 54. Kf1 h5 55. Ke2 g4 56. hxg4 hxg4 57. fxg4 Bd8 58. Kd3 Be7 59. Ke4 Bd8 60. Kf5 Bh4 61. Bd4 Ka8 62. Bf6 Bf2 63. g5 Bc5 64. Ke6 Be3 65. g6 Bh6 66. Kf7 Kxa7 67. Bg5 Bxg5 68. g7 Bh6 69. g8=Q 1-0

[Event "Toronto-ch Reserves"]
[Site "Toronto CAN"]
[Date "2000.03.03"]
[Round "9"]
[White "Dutton, Warren"]
[Black "Richardson, Ross"]
[Result "1/2-1/2"]
[WhiteElo "1994"]
[BlackElo "1872"]
[PlyCount "35"]
[GameId "2160767911741421"]
[EventDate "2000.02.09"]
[EventType "tourn"]
[EventRounds "11"]
[EventCountry "CAN"]

1. d4 Nf6 2. c4 e6 3. Nf3 Bb4+ 4. Bd2 a5 5. a3 Bxd2+ 6. Nbxd2 d6 7. e4 Nbd7 8. Bd3 e5 9. h3 O-O 10. d5 Nc5 11. Bc2 a4 12. Qe2 Bd7 13. Qe3 Qe7 14. g4 Rab8 15. O-O b5 16. Rfe1 c6 17. Rad1 b4 18. Rb1 1/2-1/2

[Event "Toronto-ch Reserves"]
[Site "Toronto CAN"]
[Date "2000.03.03"]
[Round "9"]
[White "Mitrovic, Bojana"]
[Black "De Castro, Dan"]
[Result "1-0"]
[WhiteElo "1992"]
[BlackElo "1867"]
[PlyCount "121"]
[GameId "2160767911741422"]
[EventDate "2000.02.09"]
[EventType "tourn"]
[EventRounds "11"]
[EventCountry "CAN"]

1. Nf3 d5 2. g3 c5 3. Bg2 Nc6 4. c4 e6 5. O-O Bd7 6. cxd5 exd5 7. d4 Nf6 8. Nc3 cxd4 9. Nxd4 Nxd4 10. Qxd4 Bc6 11. Rd1 Be7 12. Nxd5 Nxd5 13. Bxd5 Bxd5 14. Qxd5 O-O 15. Be3 Qxd5 16. Rxd5 Bf6 17. Bd4 Bxd4 18. Rxd4 Rfe8 19. Kf1 Re7 20. Rad1 Rae8 21. e3 f6 22. Rd7 Kf7 23. Ke2 Rc8 24. R1d2 Rc7 25. Rxc7 Rxc7 26. Kd3 Rd7+ 27. Kc3 Rc7+ 28. Kb3 Re7 29. Rd4 h6 30. Ra4 a6 31. Rc4 Rd7 32. a4 Kf8 33. a5 Ke8 34. Kc2 Kf8 35. b3 Kg8 36. Rb4 Kf8 37. Kc3 Ke8 38. Re4+ Kf7 39. Rd4 Rc7+ 40. Rc4 Rd7 41. Kb4 Re7 42. e4 Ke8 43. f4 Kf8 44. Kc5 Ke8 45. Kb6 Kd8 46. b4 h5 47. e5 fxe5 48. fxe5 g5 49. e6 Rxe6+ 50. Kxb7 Ke7 51. Rc7+ Kf6 52. Rc6 Rxc6 53. Kxc6 Kf5 54. Kb6 Kg4 55. Kxa6 Kh3 56. b5 Kxh2 57. b6 Kxg3 58. b7 h4 59. b8=Q+ Kh3 60. Qc8+ g4 61. Kb5 1-0

[Event "Toronto-ch Reserves"]
[Site "Toronto CAN"]
[Date "2000.03.03"]
[Round "9"]
[White "Vucko, Ignac"]
[Black "Haziprodromu, Sam"]
[Result "0-1"]
[WhiteElo "2040"]
[BlackElo "2040"]
[PlyCount "58"]
[GameId "2160767911741423"]
[EventDate "2000.02.09"]
[EventType "tourn"]
[EventRounds "11"]
[EventCountry "CAN"]

1. e4 e5 2. Nf3 Nc6 3. Bc4 Bc5 4. O-O Nf6 5. c3 d6 6. d4 Bb6 7. Bg5 h6 8. Bh4 Bg4 9. d5 Nb8 10. Nbd2 a6 11. h3 Bh5 12. a4 Nbd7 13. g4 Bg6 14. b4 Qc8 15. Qe2 O-O 16. Bg3 Kh8 17. Nh4 c6 18. Nf5 Bxf5 19. dxc6 Bxg4 20. cxd7 Bxd7 21. Qd3 Bxh3 22. Rfc1 Nh5 23. Kh2 Be6 24. Bd5 f5 25. exf5 Bxf5 26. Be4 Bxe4 27. Nxe4 Nf4 28. Bxf4 Rxf4 29. f3 Rh4+ 0-1

[Event "Toronto-ch Reserves"]
[Site "Toronto CAN"]
[Date "2000.03.06"]
[Round "10"]
[White "Benson, Christopher"]
[Black "Bryskine, Marina"]
[Result "1-0"]
[WhiteElo "1949"]
[BlackElo "2036"]
[PlyCount "109"]
[GameId "2160767911741424"]
[EventDate "2000.02.09"]
[EventType "tourn"]
[EventRounds "11"]
[EventCountry "CAN"]

1. e4 e5 2. Nf3 Nc6 3. Bb5 a6 4. Ba4 Nf6 5. O-O b5 6. Bb3 Be7 7. Re1 O-O 8. a4 Bb7 9. d3 d6 10. Nbd2 Na5 11. Ba2 c5 12. Nf1 Nc6 13. c3 Rc8 14. Ne3 Qd7 15. Nd5 Bd8 16. Bg5 Nxd5 17. Bxd5 Bxg5 18. Nxg5 h6 19. Nf3 b4 20. Nh4 Kh7 21. Nf5 g6 22. Ne3 Rc7 23. a5 bxc3 24. bxc3 Ne7 25. Bxb7 Rxb7 26. Nc4 Rfb8 27. Qc2 Nc8 28. Reb1 Kg7 29. h3 Rb5 30. Nd2 Qc7 31. Rxb5 axb5 32. Qa2 Ra8 33. c4 b4 34. Qa4 Na7 35. Nb3 Nc6 36. a6 Ra7 37. Qb5 Nb8 38. f4 f6 39. f5 Qc8 40. Qb6 Nc6 41. fxg6 Kxg6 42. Ra2 Ra8 43. Ra1 Rb8 44. a7 Rxb6 45. a8=Q Qxa8 46. Rxa8 Nd4 47. Nxd4 cxd4 48. Kf2 b3 49. Ra1 Kg5 50. g3 h5 51. Ke2 h4 52. g4 Kf4 53. Rg1 b2 54. g5 b1=Q 55. Rg4# 1-0

[Event "Toronto-ch Reserves"]
[Site "Toronto CAN"]
[Date "2000.03.06"]
[Round "10"]
[White "Cohen, David"]
[Black "Gebhardt, David"]
[Result "1/2-1/2"]
[WhiteElo "2017"]
[BlackElo "1923"]
[PlyCount "60"]
[GameId "2160767911741425"]
[EventDate "2000.02.09"]
[EventType "tourn"]
[EventRounds "11"]
[EventCountry "CAN"]

1. e4 c6 2. d4 d5 3. exd5 cxd5 4. c4 e6 5. Nc3 Nf6 6. Nf3 Nc6 7. Bd3 Nb4 8. O-O Be7 9. Bf4 dxc4 10. Bxc4 Nbd5 11. Bg3 O-O 12. Rc1 a6 13. Re1 b5 14. Bd3 Bb7 15. Ne4 Rc8 16. Nc5 Bxc5 17. dxc5 Nb4 18. Bb1 Qxd1 19. Rexd1 Rfd8 20. Rxd8+ Rxd8 21. Ne1 Ne4 22. f3 Nd2 23. a3 Nc6 24. b4 Nxb1 25. Rxb1 Nd4 26. Kf2 Nf5 27. Bf4 f6 28. Rc1 Bc6 29. Rc3 e5 30. Be3 Kf7 1/2-1/2

[Event "Toronto-ch Reserves"]
[Site "Toronto CAN"]
[Date "2000.03.06"]
[Round "10"]
[White "De Castro, Dan"]
[Black "Vucko, Ignac"]
[Result "1/2-1/2"]
[WhiteElo "1867"]
[BlackElo "2040"]
[PlyCount "63"]
[GameId "2160767911741426"]
[EventDate "2000.02.09"]
[EventType "tourn"]
[EventRounds "11"]
[EventCountry "CAN"]

1. d4 d6 2. Nf3 Nf6 3. Bg5 h6 4. Bxf6 exf6 5. e4 Nc6 6. Bb5 Bd7 7. c4 Be7 8. Nc3 O-O 9. O-O f5 10. e5 a6 11. Ba4 Rb8 12. Qe2 g5 13. d5 Nxe5 14. Nxe5 Bxa4 15. Nxa4 dxe5 16. Qxe5 Qd7 17. Nc3 Bd6 18. Qe2 Rbe8 19. Qh5 Kg7 20. Rae1 Be5 21. Nd1 f4 22. h4 Qf5 23. Re2 Bf6 24. Rfe1 Rxe2 25. Rxe2 Qd3 26. Nc3 Qxc4 27. Ne4 Qd4 28. hxg5 Qd1+ 29. Kh2 hxg5 30. Nxf6 Rh8 31. Ne8+ Kg8 32. Nf6+ 1/2-1/2

[Event "Toronto-ch Reserves"]
[Site "Toronto CAN"]
[Date "2000.03.06"]
[Round "10"]
[White "Haziprodromu, Sam"]
[Black "Bergeron, Florian"]
[Result "1-0"]
[WhiteElo "2040"]
[BlackElo "2024"]
[PlyCount "69"]
[GameId "2160767911741427"]
[EventDate "2000.02.09"]
[EventType "tourn"]
[EventRounds "11"]
[EventCountry "CAN"]

1. e4 Nf6 2. e5 Nd5 3. d4 d6 4. Nf3 Bg4 5. Be2 e6 6. c4 Nb6 7. Nbd2 Be7 8. O-O Nc6 9. Re1 dxe5 10. dxe5 O-O 11. b3 Nb4 12. Bb2 Nd3 13. Bxd3 Qxd3 14. h3 Bxf3 15. Nxf3 Rfd8 16. Nd4 Qg6 17. Qf3 Bc5 18. Re4 h6 19. Ne2 Rd7 20. Nf4 Qh7 21. Nh5 Kh8 22. Rg4 Bf8 23. Bd4 Rad8 24. Be3 Qf5 25. Rf4 Qxe5 26. Re1 f5 27. Bd2 Qb2 28. Bc3 Qc2 29. Qg3 Qd3 30. Rf3 Qc2 31. Qg6 Rd4 32. Bxd4 Rxd4 33. Qxe6 Re4 34. Rxe4 fxe4 35. Rxf8+ 1-0

[Event "Toronto-ch Reserves"]
[Site "Toronto CAN"]
[Date "2000.03.06"]
[Round "10"]
[White "Richardson, Ross"]
[Black "Mitrovic, Bojana"]
[Result "1-0"]
[WhiteElo "1872"]
[BlackElo "1992"]
[PlyCount "125"]
[GameId "2160767911741428"]
[EventDate "2000.02.09"]
[EventType "tourn"]
[EventRounds "11"]
[EventCountry "CAN"]

1. d4 g6 2. c4 Bg7 3. Nc3 c5 4. Nf3 cxd4 5. Nxd4 Nc6 6. Nxc6 bxc6 7. e4 d6 8. Be2 Nf6 9. O-O O-O 10. Be3 Rb8 11. Qd2 Qc7 12. h3 Rd8 13. Rac1 Qb7 14. b3 d5 15. exd5 cxd5 16. Bf4 Ra8 17. Bf3 Be6 18. Rfd1 Rd7 19. cxd5 Qb4 20. Qe3 Nxd5 21. Nxd5 Bxd5 22. Bxd5 Rad8 23. Bxf7+ Kxf7 24. Rxd7 Rxd7 25. Qf3 Bf6 26. Bh6 Rd8 27. Bg5 Rd6 28. Be3 Qa5 29. a4 a6 30. Qf4 Qd5 31. Qc4 Ke6 32. Qg4+ Kf7 33. Qc4 Ke6 34. Qxd5+ Kxd5 35. b4 Rd7 36. Rd1+ Kc6 37. b5+ axb5 38. axb5+ Kc7 39. Rxd7+ Kxd7 40. g4 Bc3 41. Kg2 Kd6 42. Kf3 Kd5 43. b6 Kc6 44. Ke4 Bf6 45. f4 Bc3 46. f5 Bf6 47. fxg6 hxg6 48. g5 Bc3 49. Bd4 Bd2 50. h4 Bc1 51. Ke5 Kd7 52. b7 Kc7 53. Ke6 Kxb7 54. Kxe7 Bf4 55. Bf2 Kc7 56. Kf6 Kd7 57. Kxg6 Ke7 58. Bc5+ Ke8 59. h5 Be5 60. Kf5 Bc3 61. g6 Bg7 62. Bd6 Kd7 63. Be5 1-0

[Event "Toronto-ch Reserves"]
[Site "Toronto CAN"]
[Date "2000.03.06"]
[Round "10"]
[White "Stoltefuss, Rolf"]
[Black "Dutton, Warren"]
[Result "1/2-1/2"]
[WhiteElo "1936"]
[BlackElo "1994"]
[PlyCount "37"]
[GameId "2160767911741429"]
[EventDate "2000.02.09"]
[EventType "tourn"]
[EventRounds "11"]
[EventCountry "CAN"]

1. e4 e5 2. f4 d5 3. exd5 e4 4. d3 Nf6 5. dxe4 Nxe4 6. Nf3 Bc5 7. Qe2 Bf2+ 8. Kd1 Qxd5+ 9. Nfd2 f5 10. Nc3 Qd4 11. Ncxe4 fxe4 12. Qxe4+ Qxe4 13. Nxe4 Bd4 14. c3 Bb6 15. Kc2 Nc6 16. Bd3 O-O 17. Bd2 Bf5 18. Rae1 Rad8 19. h3 1/2-1/2

[Event "Toronto-ch Reserves"]
[Site "Toronto CAN"]
[Date "2000.03.08"]
[Round "11"]
[White "Bryskine, Marina"]
[Black "Cohen, David"]
[Result "1-0"]
[WhiteElo "2036"]
[BlackElo "2017"]
[PlyCount "75"]
[GameId "2160767911741431"]
[EventDate "2000.02.09"]
[EventType "tourn"]
[EventRounds "11"]
[EventCountry "CAN"]

1. e4 c5 2. Nf3 d6 3. d4 cxd4 4. Nxd4 Nf6 5. Nc3 g6 6. Be2 Bg7 7. O-O O-O 8. a4 Nc6 9. Be3 Bd7 10. Kh1 a6 11. Nb3 Qc7 12. a5 Rac8 13. Bb6 Qb8 14. f4 Be6 15. Nd2 Nd7 16. f5 Nxb6 17. fxe6 Na8 18. exf7+ Kh8 19. Bg4 Rcd8 20. Nc4 Ne5 21. Nxe5 Bxe5 22. Nd5 Kg7 23. Qf3 e6 24. Bxe6 Nc7 25. Nxc7 Qxc7 26. c3 Qe7 27. Bd5 Rc8 28. Qg4 Rc5 29. Rf3 Qc7 30. Rh3 Rxa5 31. Rf1 Qe7 32. Qd1 Bf6 33. Rhf3 Be5 34. Qd2 Qh4 35. Rh3 Bf4 36. Qd4+ Be5 37. Rxh4 Bxd4 38. cxd4 1-0

[Event "Toronto-ch Reserves"]
[Site "Toronto CAN"]
[Date "2000.03.08"]
[Round "11"]
[White "Dutton, Warren"]
[Black "Benson, Christopher"]
[Result "1-0"]
[WhiteElo "1994"]
[BlackElo "1949"]
[PlyCount "77"]
[GameId "2160767911741432"]
[EventDate "2000.02.09"]
[EventType "tourn"]
[EventRounds "11"]
[EventCountry "CAN"]

1. d4 Nf6 2. c4 e6 3. a3 d5 4. c5 Be7 5. Nf3 O-O 6. g3 c6 7. Bg2 Nbd7 8. O-O Ne4 9. Qc2 f6 10. b4 a6 11. Bb2 Qc7 12. Ne1 Ng5 13. Nd2 Nf7 14. f4 e5 15. e4 dxe4 16. Bxe4 h6 17. fxe5 fxe5 18. Bh7+ Kh8 19. Bg6 Ng5 20. Nd3 Rxf1+ 21. Rxf1 exd4 22. Bxd4 Bf6 23. Qc3 Qd8 24. Re1 Nf8 25. Bxf6 Qxf6 26. Qxf6 gxf6 27. Re8 Kg7 28. Bh5 Ng6 29. Nc4 a5 30. Nb6 Ra6 31. Rxc8 axb4 32. Rc7+ Kh8 33. Nxb4 Rxa3 34. Bxg6 Ra1+ 35. Kg2 Rc1 36. Nd7 h5 37. h4 Ne6 38. Rxb7 Rb1 39. Bxb1 1-0